| 000 | 003610000a22001450004500 | ||
|---|---|---|---|
| 003 | MACL | ||
| 040 | _aMACL | ||
| 090 |
_c43329 _d43327 |
||
| 100 | _aGuha, Debashis | ||
| 245 |
_aPractical and Professional Ethics _bVol 1 The Primer of Applied Ethics |
||
| 260 |
_bConcept Publishing Company _c2007 |
||
| 350 | _a500 | ||
| 650 | _aEthics | ||
| 942 |
_cBOOK _k170/GUH |
||
| 999 |
_c42874 _d42874 |
||